[Event "4th GRENKE Open 2019"]
[Site "Karlsruhe"]
[Date "2019.04.21"]
[Round "6.113"]
[White "Warakomska, Anna"]
[Black "Hedman, Erik"]
[Result "1/2-1/2"]
[WhiteElo "2212"]
[BlackElo "2385"]
[Annotator "NA"]
[PlyCount "126"]
[EventDate "2019.04.18"]
[EventType "swiss"]
[EventCountry "GER"]
[SourceTitle "playchess.com"]
[Source "ChessBase"]
[SourceQuality "1"]

1. e4 c6 2. d4 d5 3. exd5 cxd5 4. Bd3 Nc6 5. c3 Qc7 6. Ne2 Bg4 7. O-O e6 8. Qe1 Nf6 9. f3 Bh5 10. Qh4 h6 11. Ng3 Bg6 12. Bxg6 fxg6 13. Ne2 Kf7 14. Qg3 e5 15. dxe5 Bc5+ 16. Kh1 Qxe5 17. Qxe5 Nxe5 18. Nd2 Nd3 19. Nb3 Bb6 20. g3 Rhe8 21. Nbd4 Re7 22. Nf4 Ne5 23. b3 Bxd4 24. cxd4 Nc6 25. Bb2 Re3 26. Rad1 Nb4 27. Bc1 Ree8 28. a3 Nc2 29. Rf2 Rac8 30. Bb2 Ne1 31. Rf1 g5 32. Nxd5 Nxd5 33. Rfxe1 Rxe1+ 34. Rxe1 Rc2 35. Ba1 Ra2 36. a4 h5 37. Rb1 Re2 38. Kg1 Ke6 39. Bb2 g4 40. fxg4 hxg4 41. Ba3 Kf5 42. Bf8 g6 43. Rc1 Ke4 44. Bg7 a6 45. Rc8 Ne3 46. Bh6 Nf5 47. Bf4 Nxd4 48. Rc7 b5 49. axb5 axb5 50. b4 Kd3 51. Rg7 Nf3+ 52. Kf1 Nxh2+ 53. Kg1 Nf3+ 54. Kf1 Rb2 55. Bd6 Nd2+ 56. Kg1 Ne4 57. Bf8 Ke2 58. Rf7 Rb3 59. Rf4 Rxg3+ 60. Kh2 Rh3+ 61. Kg2 Rg3+ 62. Kh2 Rh3+ 63. Kg2 Rg3+ 1/2-1/2

[Event "4th GRENKE Open 2019"]
[Site "Karlsruhe"]
[Date "2019.04.21"]
[Round "6.114"]
[White "Poysti, Nathanael"]
[Black "Gschnitzer, Adrian"]
[Result "0-1"]
[WhiteElo "2214"]
[BlackElo "2380"]
[Annotator "NA"]
[PlyCount "48"]
[EventDate "2019.04.18"]
[EventType "swiss"]
[EventCountry "GER"]
[SourceTitle "playchess.com"]
[Source "ChessBase"]
[SourceQuality "1"]

1. Nf3 c5 2. e3 d5 3. d4 e6 4. c4 Nf6 5. Nc3 Nc6 6. cxd5 exd5 7. Bb5 Be7 8. dxc5 O-O 9. Qa4 Qc7 10. O-O Bxc5 11. Rd1 Rd8 12. Be2 a6 13. a3 Ba7 14. Bd2 d4 15. exd4 Nxd4 16. Bg5 b5 17. Qb4 Bc5 18. Bf4 Qb6 19. Rxd4 Bxb4 20. Rxd8+ Qxd8 21. axb4 Bb7 22. h3 Qe7 23. Rd1 Qxb4 24. Be5 Re8 0-1

[Event "4th GRENKE Open 2019"]
[Site "Karlsruhe"]
[Date "2019.04.21"]
[Round "6.115"]
[White "Zeller, Frank"]
[Black "Mueer, Sebastian"]
[Result "1-0"]
[WhiteElo "2377"]
[BlackElo "2213"]
[Annotator "NA"]
[PlyCount "75"]
[EventDate "2019.04.18"]
[EventType "swiss"]
[EventCountry "GER"]
[SourceTitle "playchess.com"]
[Source "ChessBase"]
[SourceQuality "1"]

1. d4 Nf6 2. Nf3 g6 3. c4 Bg7 4. Nc3 O-O 5. e4 d6 6. Be2 e5 7. d5 a5 8. h3 Na6 9. Bg5 Qe8 10. g4 Nd7 11. Rg1 Ndc5 12. Qd2 Nb4 13. h4 Kh8 14. h5 f5 15. gxf5 gxf5 16. Bh6 Bf6 17. Bxf8 Qxf8 18. Ng5 Qe7 19. Ne6 Bxe6 20. dxe6 Qxe6 21. a3 Nb3 22. Qh6 Qf7 23. axb4 Nxa1 24. Nd5 Bh4 25. exf5 Nc2+ 26. Kd1 Nd4 27. f6 Nf5 28. Qc1 c6 29. Qb1 Bxf2 30. Rg2 Ne3+ 31. Nxe3 Bxe3 32. Rg7 Qxg7 33. fxg7+ Kxg7 34. Qe4 Bf4 35. Bd3 Rg8 36. b5 cxb5 37. Qxh7+ Kf8 38. Bg6 1-0

[Event "4th GRENKE Open 2019"]
[Site "Karlsruhe"]
[Date "2019.04.21"]
[Round "6.116"]
[White "Alvarez Serrano, Carlos"]
[Black "Lagunow, Alexander"]
[Result "1-0"]
[WhiteElo "2200"]
[BlackElo "2371"]
[Annotator "NA"]
[PlyCount "74"]
[EventDate "2019.04.18"]
[EventType "swiss"]
[EventCountry "GER"]
[SourceTitle "playchess.com"]
[Source "ChessBase"]
[SourceQuality "1"]

1. Nf3 Nf6 2. c4 g6 3. Nc3 c5 4. e4 Bg7 5. d4 cxd4 6. Nxd4 Nc6 7. Be3 O-O 8. Be2 d6 9. O-O Bd7 10. Qd2 Nxd4 11. Bxd4 Bc6 12. f3 a5 13. b3 Nd7 14. Be3 Nc5 15. Rab1 Qb6 16. Rfc1 Qb4 17. Rc2 Rfc8 18. Nd5 Bxd5 19. cxd5 Qxd2 20. Bxd2 Bd4+ 21. Kf1 e5 22. dxe6 fxe6 23. Rbc1 b6 24. Bc4 Kf7 25. a3 Kf6 26. h4 Ke5 27. b4 axb4 28. axb4 Nd7 29. Bg5 Ra3 30. Bd3 Rf8 31. Ke2 d5 32. g3 Rxf3 33. Bf4+ Rxf4 34. gxf4+ Kxf4 35. exd5 exd5 36. Rf1+ Kg4 37. Rf3 Kxh4 1-0

[Event "4th GRENKE Open 2019"]
[Site "Karlsruhe"]
[Date "2019.04.21"]
[Round "6.117"]
[White "Lenaerts, Lennert"]
[Black "Oberhofer, Cedric"]
[Result "1-0"]
[WhiteElo "2370"]
[BlackElo "2212"]
[Annotator "NA"]
[PlyCount "147"]
[EventDate "2019.04.18"]
[EventType "swiss"]
[EventCountry "GER"]
[SourceTitle "playchess.com"]
[Source "ChessBase"]
[SourceQuality "1"]

1. d4 Nf6 2. c4 c5 3. d5 e6 4. Nc3 exd5 5. cxd5 d6 6. Nf3 g6 7. Bf4 a6 8. a4 Bg7 9. h3 O-O 10. e3 Nbd7 11. Be2 Ne8 12. O-O b6 13. Nd2 Ne5 14. Bh2 f5 15. Nc4 Nxc4 16. Bxc4 Rb8 17. Qd3 Nc7 18. Rab1 Qd7 19. b4 b5 20. axb5 axb5 21. Nxb5 Rxb5 22. Bxb5 Qxb5 23. Qxb5 Nxb5 24. bxc5 Nc3 25. Bxd6 Re8 26. Rb8 Nxd5 27. c6 Kf7 28. Rfb1 Ke6 29. Bh2 Be5 30. Bxe5 Kxe5 31. R1b7 h5 32. Rg7 Kf6 33. Ra7 Ke6 34. g4 hxg4 35. hxg4 Kd6 36. Rg7 Ne7 37. g5 Nxc6 38. Rxg6+ Re6 39. Rxe6+ Bxe6 40. Rh8 Ne5 41. f4 Nd7 42. Kf2 Ke7 43. Rh7+ Kf8 44. Kg3 Kg8 45. Re7 Nf8 46. Ra7 Ng6 47. Kf2 Bd5 48. Ke2 Be4 49. Kd2 Nh4 50. Kc3 Nf3 51. Kc4 Nd2+ 52. Kd4 Nf3+ 53. Kc5 Nh2 54. Re7 Ng4 55. Kd4 Bc2 56. Kd5 Bb1 57. g6 Be4+ 58. Rxe4 fxe4 59. Kxe4 Nf6+ 60. Kf5 Kg7 61. e4 Nh5 62. Kg5 Ng3 63. e5 Ne4+ 64. Kf5 Ng3+ 65. Kg4 Nf1 66. f5 Ne3+ 67. Kg5 Nd5 68. f6+ Kf8 69. e6 Nc7 70. Kf5 Nb5 71. g7+ Kg8 72. Kg6 Nd6 73. f7+ Nxf7 74. exf7# 1-0

[Event "4th GRENKE Open 2019"]
[Site "Karlsruhe"]
[Date "2019.04.21"]
[Round "7.1"]
[White "Korobov, Anton"]
[Black "Heimann, Andreas"]
[Result "1/2-1/2"]
[WhiteElo "2675"]
[BlackElo "2616"]
[Annotator "TA"]
[PlyCount "30"]
[EventDate "2019.04.18"]
[EventType "swiss"]
[EventCountry "GER"]
[SourceTitle "playchess.com"]
[Source "ChessBase"]
[SourceQuality "1"]

1. d4 Nf6 2. c4 e6 3. Nc3 Bb4 4. e3 O-O 5. Bd3 d5 6. a3 Bxc3+ 7. bxc3 c6 8. a4 b6 9. Ba3 Re8 10. Nf3 Ba6 11. Ne5 Qc8 12. O-O Nbd7 13. f4 c5 14. Rc1 Qb7 15. Rf3 Rad8 1/2-1/2

[Event "4th GRENKE Open 2019"]
[Site "Karlsruhe"]
[Date "2019.04.21"]
[Round "7.2"]
[White "Sarana, Alexey"]
[Black "Ter-Sahakyan, Samvel"]
[Result "1/2-1/2"]
[WhiteElo "2630"]
[BlackElo "2601"]
[Annotator "ChessBase"]
[PlyCount "111"]
[EventDate "2019.04.18"]
[EventType "swiss"]
[EventCountry "GER"]
[SourceTitle "playchess.com"]
[Source "ChessBase"]
[SourceQuality "1"]

1. d4 Nf6 2. c4 e6 3. Nf3 Bb4+ 4. Bd2 Qe7 5. g3 Bxd2+ 6. Qxd2 Nc6 7. Nc3 d5 8. cxd5 exd5 9. Bg2 O-O 10. O-O a6 11. Qf4 Na7 12. Ne5 c6 13. a4 Be6 14. a5 Nc8 15. Na4 Nd6 16. Nc5 Rae8 17. Rfe1 Bc8 18. Ned3 Qd8 19. b4 g6 20. Rad1 Nfe4 21. Nxe4 Nxe4 22. h4 Nd6 23. Nc5 f5 24. Nd3 Qf6 25. Ne5 Kg7 26. Qg5 f4 27. Qxf6+ Rxf6 28. e3 fxg3 29. fxg3 h5 30. Rf1 Bf5 31. Rf4 Nf7 32. Nxf7 Rxf7 33. Kf2 Be4 34. Bxe4 Rxe4 35. Ke2 Rfe7 36. Rxe4 Rxe4 37. Rf1 Rg4 38. Rf3 g5 39. hxg5 Rxg5 40. Kf2 Kg6 41. Rf4 Rf5 42. Ke2 Rf6 43. Kd3 Rf5 44. Kc3 Rf6 45. Kd2 Rf5 46. Kd3 Rf6 47. Ke2 Rf5 48. Kf2 Rf6 49. Kg2 Kg5 50. Kf2 Kg6 51. Kf3 Rf5 52. g4 hxg4+ 53. Kxg4 Rg5+ 54. Kf3 Rg1 55. Rg4+ Rxg4 56. Kxg4 1/2-1/2

[Event "4th GRENKE Open 2019"]
[Site "Karlsruhe"]
[Date "2019.04.21"]
[Round "7.3"]
[White "Van Foreest, Jorden"]
[Black "Fridman, Daniel"]
[Result "0-1"]
[WhiteElo "2598"]
[BlackElo "2629"]
[Annotator "TA"]
[PlyCount "54"]
[EventDate "2019.04.18"]
[EventType "swiss"]
[EventCountry "GER"]
[SourceTitle "playchess.com"]
[Source "ChessBase"]
[SourceQuality "1"]

1. e4 e5 2. Nf3 Nf6 3. Nxe5 d6 4. Nf3 Nxe4 5. d4 d5 6. Bd3 Bf5 7. O-O Be7 8. Re1 O-O 9. c4 Nc6 10. cxd5 Qxd5 11. Nc3 Nxc3 12. bxc3 Bxd3 13. Qxd3 Rae8 14. Bf4 Bd6 15. Ng5 f5 16. Bxd6 cxd6 17. h4 h6 18. Rxe8 Rxe8 19. Nh3 Qe4 20. Qg3 Rf8 21. Qxd6 Qxh4 22. d5 Qe7 23. Qg3 Nd8 24. Nf4 Qe5 25. Rd1 Nf7 26. Rd3 Qe1+ 27. Kh2 Ne5 0-1

[Event "4th GRENKE Open 2019"]
[Site "Karlsruhe"]
[Date "2019.04.21"]
[Round "7.4"]
[White "Chigaev, Maksim"]
[Black "Goganov, Aleksey"]
[Result "1/2-1/2"]
[WhiteElo "2634"]
[BlackElo "2580"]
[Annotator "ChessBase"]
[PlyCount "41"]
[EventDate "2019.04.18"]
[EventType "swiss"]
[EventCountry "GER"]
[SourceTitle "playchess.com"]
[Source "ChessBase"]
[SourceQuality "1"]

1. e4 e5 2. Nf3 Nc6 3. Bc4 Bc5 4. d3 Nf6 5. h3 d6 6. c3 a6 7. a4 h6 8. Nbd2 Ba7 9. Nf1 Ne7 10. Ng3 Ng6 11. O-O O-O 12. Re1 c6 13. Bb3 d5 14. exd5 Nxd5 15. Nh5 Qd6 16. Qd2 Ndf4 17. Nxf4 exf4 18. d4 Bf5 19. Ne5 Rad8 20. Nxg6 Qxg6 21. Qxf4 1/2-1/2

[Event "4th GRENKE Open 2019"]
[Site "Karlsruhe"]
[Date "2019.04.21"]
[Round "7.5"]
[White "Sethuraman, S.P."]
[Black "Basso, Pier Luigi"]
[Result "1/2-1/2"]
[WhiteElo "2624"]
[BlackElo "2516"]
[Annotator "TA"]
[PlyCount "29"]
[EventDate "2019.04.18"]
[EventType "swiss"]
[EventCountry "GER"]
[SourceTitle "playchess.com"]
[Source "ChessBase"]
[SourceQuality "1"]

1. e4 c5 2. Nf3 e6 3. d4 cxd4 4. Nxd4 Nf6 5. Nc3 Nc6 6. Nxc6 bxc6 7. e5 Nd5 8. Ne4 Qc7 9. f4 Qb6 10. c4 Bb4+ 11. Ke2 f5 12. exf6 Nxf6 13. Nd6+ Bxd6 14. Qxd6 c5 15. Qxb6 1/2-1/2

[Event "4th GRENKE Open 2019"]
[Site "Karlsruhe"]
[Date "2019.04.21"]
[Round "7.6"]
[White "Engel, Luis"]
[Black "Predojevic, Borki"]
[Result "1/2-1/2"]
[WhiteElo "2490"]
[BlackElo "2621"]
[Annotator "ChessBase"]
[PlyCount "63"]
[EventDate "2019.04.18"]
[EventType "swiss"]
[EventCountry "GER"]
[SourceTitle "playchess.com"]
[Source "ChessBase"]
[SourceQuality "1"]

1. e4 e5 2. Nf3 Nc6 3. Bc4 Bc5 4. c3 Nf6 5. d3 d6 6. Bb3 a5 7. O-O O-O 8. h3 h6 9. Re1 Re8 10. Nbd2 Be6 11. Ba4 Qb8 12. d4 exd4 13. cxd4 b5 14. dxc5 bxa4 15. Qxa4 Nb4 16. cxd6 cxd6 17. a3 Nd3 18. Re3 Nxc1 19. Rxc1 Qxb2 20. Rb1 Qa2 21. Qd4 Rac8 22. Kh2 d5 23. Rb2 Qa1 24. Rb5 Qxd4 25. Nxd4 Bd7 26. Rxa5 dxe4 27. Ra7 Ra8 28. Rxa8 Rxa8 29. Nxe4 Nxe4 30. Rxe4 Rxa3 31. Re7 Ra7 32. Nf3 1/2-1/2

[Event "4th GRENKE Open 2019"]
[Site "Karlsruhe"]
[Date "2019.04.21"]
[Round "7.7"]
[White "Esipenko, Andrey"]
[Black "Studer, Noel"]
[Result "1/2-1/2"]
[WhiteElo "2616"]
[BlackElo "2514"]
[Annotator "ChessBase"]
[PlyCount "96"]
[EventDate "2019.04.18"]
[EventType "swiss"]
[EventCountry "GER"]
[SourceTitle "playchess.com"]
[Source "ChessBase"]
[SourceQuality "1"]

1. e4 e6 2. d4 d5 3. e5 c5 4. c3 Nc6 5. Nf3 Qb6 6. a3 Nh6 7. Bd3 cxd4 8. O-O Nf5 9. Bxf5 exf5 10. cxd4 Be6 11. Nc3 h6 12. b4 Rc8 13. Qd3 Qd8 14. Bd2 g5 15. Ne2 f4 16. g3 Qd7 17. gxf4 Bf5 18. Qe3 Be4 19. Ng3 gxf4 20. Qxf4 Rg8 21. b5 Ne7 22. Rfc1 Rg4 23. Qe3 Nf5 24. Qe2 h5 25. Kf1 Rxc1+ 26. Rxc1 Nxg3+ 27. hxg3 Bxa3 28. Ra1 Be7 29. e6 Qxe6 30. Ne5 Qb6 31. Rc1 Qxd4 32. Rc8+ Bd8 33. Nxg4 hxg4 34. Bg5 f6 35. Be3 Qd3 36. Qxd3 Bxd3+ 37. Ke1 Bxb5 38. Bxa7 Kd7 39. Ra8 Ba5+ 40. Kd1 Bc3 41. Be3 d4 42. Bd2 Bxd2 43. Kxd2 Bc4 44. Ra4 b5 45. Ra6 Ke7 46. Rb6 Bf1 47. Ke1 Bc4 48. Kd2 Bf1 1/2-1/2

[Event "4th GRENKE Open 2019"]
[Site "Karlsruhe"]
[Date "2019.04.21"]
[Round "7.8"]
[White "Tabatabaei, M.amin"]
[Black "Malakhatko, Vadim"]
[Result "1-0"]
[WhiteElo "2612"]
[BlackElo "2508"]
[Annotator "ChessBase"]
[PlyCount "63"]
[EventDate "2019.04.18"]
[EventType "swiss"]
[EventCountry "GER"]
[SourceTitle "playchess.com"]
[Source "ChessBase"]
[SourceQuality "1"]

1. e4 e6 2. d4 d5 3. Nc3 Bb4 4. e5 Qd7 5. a3 Bxc3+ 6. bxc3 b6 7. Qg4 f5 8. Qg3 Nc6 9. Nh3 Bb7 10. Nf4 O-O-O 11. a4 Qf7 12. a5 Nxa5 13. Rxa5 bxa5 14. Nd3 Kb8 15. Nc5 c6 16. Be2 Ka8 17. O-O Rb8 18. c4 Ne7 19. Qa3 Nc8 20. Bd2 Nb6 21. Bxa5 Bc8 22. Ra1 dxc4 23. Bf3 Nd5 24. Qa4 Rb5 25. Qxc4 Qe7 26. Qa4 Rxc5 27. dxc5 Qxc5 28. Bd2 a6 29. c4 Nb6 30. Qb3 Nxc4 31. Rb1 Qb5 32. Bxc6+ 1-0

[Event "4th GRENKE Open 2019"]
[Site "Karlsruhe"]
[Date "2019.04.21"]
[Round "7.9"]
[White "Bluebaum, Matthias"]
[Black "Baldauf, Marco"]
[Result "1-0"]
[WhiteElo "2610"]
[BlackElo "2493"]
[Annotator "ChessBase"]
[PlyCount "80"]
[EventDate "2019.04.18"]
[EventType "swiss"]
[EventCountry "GER"]
[SourceTitle "playchess.com"]
[Source "ChessBase"]
[SourceQuality "1"]

1. d4 Nf6 2. c4 g6 3. Nc3 d5 4. cxd5 Nxd5 5. e4 Nxc3 6. bxc3 Bg7 7. Bc4 c5 8. Ne2 Nc6 9. Be3 O-O 10. O-O Bg4 11. f3 Bd7 12. Rb1 Qc7 13. Qd2 Rad8 14. Rfc1 Bc8 15. Qe1 a6 16. h4 e6 17. Qf2 b5 18. Bb3 f5 19. exf5 c4 20. f6 Bxf6 21. Bc2 e5 22. dxe5 Qxe5 23. Be4 Ne7 24. Bd4 Qh5 25. Bxf6 Rxf6 26. Rd1 Rfd6 27. Rxd6 Rxd6 28. Nd4 Qc5 29. Re1 Bd7 30. Qe3 b4 31. Kf1 bxc3 32. Nf5 Qxe3 33. Nxe7+ Kf7 34. Rxe3 Rd1+ 35. Kf2 Rd2+ 36. Kg3 Kxe7 37. Bxg6+ Kd6 38. Bxh7 Kc5 39. Rxc3 Rxa2 40. Rxc4+ Kd5 1-0

[Event "4th GRENKE Open 2019"]
[Site "Karlsruhe"]
[Date "2019.04.21"]
[Round "7.10"]
[White "Dann, Matthias"]
[Black "Svane, Rasmus"]
[Result "1/2-1/2"]
[WhiteElo "2520"]
[BlackElo "2605"]
[Annotator "ChessBase"]
[PlyCount "305"]
[EventDate "2019.04.18"]
[EventType "swiss"]
[EventCountry "GER"]
[SourceTitle "playchess.com"]
[Source "ChessBase"]
[SourceQuality "1"]

1. e4 c6 2. Nc3 d5 3. Nf3 dxe4 4. Nxe4 Nf6 5. Nxf6+ exf6 6. Bc4 Be7 7. d4 O-O 8. O-O Bd6 9. Re1 Bg4 10. h3 Bh5 11. g4 Bg6 12. Nh4 Nd7 13. c3 Qc7 14. Nxg6 hxg6 15. Qd3 Rfe8 16. Bd2 Nf8 17. Rxe8 Rxe8 18. Re1 Rxe1+ 19. Bxe1 g5 20. Qe4 Bf4 21. b4 g6 22. a4 Qd7 23. a5 f5 24. Qe2 fxg4 25. hxg4 Nh7 26. f3 Nf6 27. Bd2 Qc7 28. Kg2 Kf8 29. Qe1 a6 30. Qe2 Nd5 31. Bxd5 cxd5 32. Kf2 Bg3+ 33. Kg2 Bh4 34. Kf1 Qg3 35. Qg2 Qd6 36. Qe2 Qc7 37. Kg2 Qg3+ 38. Kf1 Qc7 39. Kg2 f6 40. Be1 Kf7 41. Qe3 Qc4 42. Bg3 Bxg3 43. Kxg3 Qf1 44. Qf2 Qa1 45. Qe3 Qf1 46. Qf2 Qc1 47. Qa2 Qg1+ 48. Kh3 Qh1+ 49. Kg3 Qg1+ 50. Kh3 Qf1+ 51. Kg3 Ke6 52. Qf2 Qc1 53. Qe2+ Kd7 54. b5 Qxc3 55. bxa6 Qxa5 56. axb7 Qc7+ 57. Kg2 Qxb7 58. Qa2 Ke6 59. Qe2+ Kf7 60. Qc2 Qd7 61. Qc1 Qe6 62. Kf2 Qd6 63. Kg2 Qb6 64. Qc3 f5 65. gxf5 gxf5 66. Qe3 Qf6 67. Qc3 Kg6 68. Qe3 Kf7 69. Qc3 Qe6 70. Kf2 Kg6 71. Qc2 Kf6 72. Qc3 f4 73. Qa3 Kf7 74. Qd3 Qg6 75. Qb3 Qc6 76. Qd3 Qg6 77. Qb3 Qe6 78. Qd3 Kf6 79. Qa3 Kg6 80. Qd3+ Qf5 81. Qe2 Kf7 82. Qa2 Kg6 83. Qe2 Kh6 84. Qa6+ Kh5 85. Qc6 Qf7 86. Qc8 Qf6 87. Kg2 Qxd4 88. Qg4+ Kg6 89. Qe6+ Kg7 90. Qe7+ Kh6 91. Qe6+ Kg7 92. Qe7+ Kg8 93. Qe8+ Kh7 94. Qf7+ Kh6 95. Qe6+ Kg7 96. Qe7+ Kg6 97. Qe6+ Qf6 98. Qxd5 Qb2+ 99. Kh3 Qh8+ 100. Kg2 Qf6 101. Qg8+ Kh6 102. Qd5 Qe7 103. Qc6+ Kh5 104. Qc2 Qd7 105. Qb2 Kg6 106. Qc2+ Qf5 107. Qc6+ Qf6 108. Qc2+ Kg7 109. Qc7+ Kf8 110. Qc8+ Kf7 111. Qd7+ Qe7 112. Qf5+ Kg7 113. Qd3 Kf6 114. Qd4+ Qe5 115. Qd8+ Kf7 116. Qd7+ Qe7 117. Qf5+ Ke8 118. Qc8+ Kf7 119. Qf5+ Kg7 120. Qd3 Qe5 121. Qd7+ Kf8 122. Qc8+ Ke7 123. Qb7+ Kd8 124. Qb6+ Kd7 125. Qb7+ Kd6 126. Qb8+ Kd5 127. Qb5+ Ke6 128. Qe8+ Kf5 129. Qf7+ Qf6 130. Qd5+ Kg6 131. Qg8+ Kh6 132. Qa2 Qe7 133. Qa6+ Kh5 134. Qd3 Qf7 135. Qc2 Kh6 136. Qc6+ Qg6 137. Qc3 Kh7 138. Qc7+ Qg7 139. Qc2+ Kh6 140. Qc6+ Qg6 141. Qc3 Qe6 142. Qd3 Kg7 143. Qd4+ Qf6 144. Qd7+ Kf8 145. Qc8+ Ke7 146. Qc7+ Ke6 147. Qc6+ Kf7 148. Qd7+ Qe7 149. Qf5+ Kg7 150. Qd3 Kf6 151. Qd4+ Qe5 152. Qd8+ Kf7 153. Qd7+ 1/2-1/2

[Event "4th GRENKE Open 2019"]
[Site "Karlsruhe"]
[Date "2019.04.21"]
[Round "7.11"]
[White "Papp, Gabor"]
[Black "Sonis, Francesco"]
[Result "1/2-1/2"]
[WhiteElo "2598"]
[BlackElo "2467"]
[Annotator "ChessBase"]
[PlyCount "68"]
[EventDate "2019.04.18"]
[EventType "swiss"]
[EventCountry "GER"]
[SourceTitle "playchess.com"]
[Source "ChessBase"]
[SourceQuality "1"]

1. c4 c6 2. e4 d5 3. exd5 cxd5 4. cxd5 Nf6 5. Nc3 Nxd5 6. Nf3 Nc6 7. d4 Bg4 8. Qb3 Bxf3 9. gxf3 e6 10. Qxb7 Nxd4 11. Bb5+ Nxb5 12. Qc6+ Ke7 13. Qxb5 Qd7 14. Nxd5+ Qxd5 15. Bg5+ f6 16. Qxd5 exd5 17. Be3 Ke6 18. O-O-O Bb4 19. Rhg1 g6 20. Rg4 a5 21. Rgd4 Rhd8 22. a3 Bc5 23. Ra4 Rdc8 24. Kb1 Bd6 25. h3 Rc4 26. Rd4 Rc5 27. Rdb4 axb4 28. Rxa8 Rc4 29. axb4 Rxb4 30. Ra6 Kd7 31. Ra7+ Ke6 32. Ra6 Kd7 33. Ra7+ Ke6 34. Ra6 Ke5 1/2-1/2

[Event "4th GRENKE Open 2019"]
[Site "Karlsruhe"]
[Date "2019.04.21"]
[Round "7.12"]
[White "Beerdsen, Thomas"]
[Black "Indjic, Aleksandar"]
[Result "1-0"]
[WhiteElo "2483"]
[BlackElo "2592"]
[Annotator "ChessBase"]
[PlyCount "61"]
[EventDate "2019.04.18"]
[EventType "swiss"]
[EventCountry "GER"]
[SourceTitle "playchess.com"]
[Source "ChessBase"]
[SourceQuality "1"]

1. e4 c5 2. Nf3 d6 3. d4 cxd4 4. Nxd4 Nf6 5. Nc3 a6 6. h3 e5 7. Nb3 Be6 8. f4 g6 9. Be2 Nbd7 10. g4 exf4 11. g5 Nh5 12. Bxh5 Qxg5 13. Bg4 Ne5 14. O-O Nxg4 15. hxg4 Qh4 16. Bxf4 g5 17. Bh2 h5 18. Qe1 hxg4 19. Qxh4 gxh4 20. Bf4 g3 21. Nd4 Bh6 22. Nd5 O-O-O 23. Ne7+ Kd7 24. Nef5 Bxf4 25. Rxf4 h3 26. Nxe6 Kxe6 27. Nxg3 h2+ 28. Kg2 d5 29. Rh1 d4 30. Rf3 Rc8 31. Rf2 1-0

[Event "4th GRENKE Open 2019"]
[Site "Karlsruhe"]
[Date "2019.04.21"]
[Round "7.13"]
[White "Garriga Cazorla, Pere"]
[Black "Sumets, Andrey"]
[Result "1-0"]
[WhiteElo "2445"]
[BlackElo "2588"]
[Annotator "ChessBase"]
[PlyCount "85"]
[EventDate "2019.04.18"]
[EventType "swiss"]
[EventCountry "GER"]
[SourceTitle "playchess.com"]
[Source "ChessBase"]
[SourceQuality "1"]

1. d4 d5 2. c4 c6 3. Nf3 Nf6 4. Nc3 dxc4 5. a4 e6 6. e4 Bb4 7. e5 Nd5 8. Bd2 b5 9. axb5 Bxc3 10. bxc3 cxb5 11. Ng5 Bb7 12. h4 Nd7 13. Rh3 Qe7 14. Ne4 O-O 15. Nd6 Bc6 16. Rg3 Kh8 17. Qh5 f6 18. Ra6 Nb8 19. Ra1 Be8 20. Qg4 Nc6 21. h5 h6 22. Ra6 f5 23. Qh3 Nc7 24. Ra1 Rb8 25. Be2 a5 26. Bf3 a4 27. Bc1 b4 28. Nxc4 Nb5 29. Rg6 Bxg6 30. hxg6 Ncxd4 31. cxd4 Nxd4 32. Bd1 a3 33. Nd6 f4 34. Qd3 Nf5 35. Nf7+ Kg8 36. Bb3 Rfc8 37. Bd2 Rb6 38. Rc1 Rxc1+ 39. Bxc1 Nh4 40. Nd6 Kf8 41. g3 Qc7 42. Bd2 Qa7 43. Nc8 1-0

[Event "4th GRENKE Open 2019"]
[Site "Karlsruhe"]
[Date "2019.04.21"]
[Round "7.14"]
[White "Monroy, Charles"]
[Black "Donchenko, Alexander"]
[Result "0-1"]
[WhiteElo "2433"]
[BlackElo "2584"]
[Annotator "ChessBase"]
[PlyCount "68"]
[EventDate "2019.04.18"]
[EventType "swiss"]
[EventCountry "GER"]
[SourceTitle "playchess.com"]
[Source "ChessBase"]
[SourceQuality "1"]

1. Nf3 Nf6 2. c4 e6 3. g3 a6 4. Bg2 b5 5. b3 c5 6. Nc3 Qb6 7. e4 Bb7 8. O-O Nxe4 9. Nxe4 Bxe4 10. Re1 Bb7 11. Bb2 Nc6 12. Ng5 Nd4 13. Bxb7 Qxb7 14. Bxd4 cxd4 15. Qh5 g6 16. Qh4 Bg7 17. Ne4 O-O 18. Nf6+ Bxf6 19. Qxf6 bxc4 20. bxc4 Qb2 21. d3 Rac8 22. h4 Rc5 23. Rab1 Qc3 24. Qf3 Rxc4 25. Re5 Rc5 26. Rxc5 Qxc5 27. Rb7 d6 28. Qf6 h5 29. Qe7 Qc1+ 30. Kg2 Qc6+ 31. Kg1 Qf3 32. Rd7 d5 33. Rd8 Rxd8 34. Qxd8+ Kg7 0-1

[Event "4th GRENKE Open 2019"]
[Site "Karlsruhe"]
[Date "2019.04.21"]
[Round "7.15"]
[White "Lopez Martinez, Josep Manuel"]
[Black "Petrov, Martin"]
[Result "1-0"]
[WhiteElo "2578"]
[BlackElo "2465"]
[Annotator "ChessBase"]
[PlyCount "185"]
[EventDate "2019.04.18"]
[EventType "swiss"]
[EventCountry "GER"]
[SourceTitle "playchess.com"]
[Source "ChessBase"]
[SourceQuality "1"]

1. Nf3 Nf6 2. c4 e6 3. b3 d5 4. Bb2 Be7 5. e3 O-O 6. Nc3 c5 7. cxd5 exd5 8. d4 Nc6 9. Be2 Be6 10. O-O Rc8 11. dxc5 Bxc5 12. Rc1 Qe7 13. Nb5 Ne4 14. Nfd4 Nxd4 15. Nxd4 Ba3 16. Rxc8 Rxc8 17. Qa1 Bxb2 18. Qxb2 Qc5 19. Bd3 Qc3 20. Qe2 Nf6 21. Rd1 Bg4 22. f3 Bh5 23. Qd2 Bg6 24. Bf1 Qc5 25. Ne2 Qa3 26. Rc1 Rxc1 27. Nxc1 Bb1 28. Bd3 Bxd3 29. Nxd3 h5 30. h4 Qd6 31. Qc3 Qe6 32. Nf4 Qf5 33. Kh2 a6 34. Qc7 b5 35. Qd6 Qc2 36. Qxa6 Qc5 37. Qb7 Qxe3 38. Qc8+ Kh7 39. Qf5+ Kg8 40. Nxd5 Nxd5 41. Qxd5 g6 42. Qxb5 Qf2 43. Qa4 Qb2 44. Kg3 Qa1 45. Qe8+ Kg7 46. Qe2 Qd4 47. a4 Qc3 48. Qc4 Qe1+ 49. Kh2 Qe5+ 50. f4 Qe1 51. Qd4+ f6 52. Qd7+ Kh6 53. Qh3 Qf2 54. Qg3 Qd2 55. Qf3 Qe1 56. Qg3 Qd2 57. a5 Qxa5 58. Qe3 Qb4 59. Kg3 Qa3 60. f5+ Kg7 61. fxg6 Kxg6 62. Kf3 Kg7 63. Qd3 Qa8+ 64. Qe4 Qa3 65. Qb7+ Kg6 66. g3 Qc1 67. Qe4+ Kg7 68. Qd3 Qe1 69. Kg2 Kh6 70. Qc2 Kg7 71. Qc4 Qd2+ 72. Kf1 Qe3 73. b4 Qxg3 74. b5 Qe3 75. Qc7+ Kh6 76. b6 Qd3+ 77. Ke1 Qe3+ 78. Kd1 Qd3+ 79. Kc1 Qa3+ 80. Kc2 Qa4+ 81. Kc3 Qa3+ 82. Kc4 Qa5 83. Qc5 Qa4+ 84. Kd5 Qd7+ 85. Qd6 Qb5+ 86. Ke6 Kg6 87. Ke7 Qe2+ 88. Kd8 Qb5 89. Qg3+ Kf7 90. Qc7+ Kg6 91. b7 Qd5+ 92. Qd7 Qe5 93. Qe8+ 1-0

[Event "4th GRENKE Open 2019"]
[Site "Karlsruhe"]
[Date "2019.04.21"]
[Round "7.16"]
[White "Gareyev, Timur"]
[Black "Kevlishvili, Robby"]
[Result "1/2-1/2"]
[WhiteElo "2560"]
[BlackElo "2451"]
[Annotator "ChessBase"]
[PlyCount "79"]
[EventDate "2019.04.18"]
[EventType "swiss"]
[EventCountry "GER"]
[SourceTitle "playchess.com"]
[Source "ChessBase"]
[SourceQuality "1"]

1. d4 d5 2. Nf3 Nf6 3. c4 c6 4. Nbd2 Bf5 5. Nh4 Be6 6. e3 g6 7. b3 Bg7 8. Bb2 O-O 9. Be2 Ne4 10. Rc1 Qa5 11. a3 c5 12. Nhf3 Nc6 13. Rc2 Nxd2 14. Rxd2 cxd4 15. exd4 Bh6 16. b4 Qd8 17. c5 Bxd2+ 18. Qxd2 Bg4 19. O-O e6 20. h3 Bxf3 21. Bxf3 Qf6 22. b5 Ne7 23. a4 a6 24. b6 Nc6 25. a5 Rfd8 26. Bd1 Rac8 27. f4 h5 28. Ba4 h4 29. Bxc6 Rxc6 30. Re1 Kg7 31. Re5 Rh8 32. Bc3 Rcc8 33. Qe3 Qd8 34. Be1 Rc6 35. Qf3 f6 36. Re3 Kf7 37. Qg4 f5 38. Qe2 Ke7 39. Re5 Kd7 40. Bd2 1/2-1/2